| 000 | 00606cam a2200229 4500 | ||
|---|---|---|---|
| 001 | J92155 | ||
| 008 | 090401t1998 xxu||||| |||| 00| 0 eng d | ||
| 035 | _a(Sirsi) u86662 | ||
| 041 | _aeng | ||
| 050 | _a711.552 | ||
| 110 |
_aHillier Parker _92054 |
||
| 245 | _aShopping centres in the pipeline. - May 1998 | ||
| 260 |
_aLondon _bHillier Parker _c1998 |
||
| 300 | _a1 pt. ; 30cm. | ||
| 350 | _a0 | ||
| 650 | _aOUT-OF-TOWN DEVELOPMENTS | ||
| 650 | _aSHOPPING CENTRES IN THE PIPELINE | ||
| 650 | _aSHOPPING CENTRES | ||
| 690 | _aPROPERTY-COMMERCIAL PROPERTY | ||
| 942 | _n0 | ||
| 948 | _c08/06/1998 | ||
| 999 |
_c97152 _d97152 |
||